| 000 | 00463nam a2200145Ia 4500 | ||
|---|---|---|---|
| 999 |
_c16036 _d16036 |
||
| 082 | _aTC.0185 | ||
| 100 | _aChattopadhyay, Kalyan Kumar | ||
| 245 | 0 | _aInvestigation into the inward psycho-temporal and psychological attributes of instrumental musicians | |
| 260 |
_c1992 _bRabindra Bharati University, Calcutta |
||
| 300 | _a209 | ||
| 504 | _aincludes bibliography | ||
| 650 |
_aInstrumentalists _vPsychology |
||
| 710 | _aRaychaudhuri, Manas | ||
| 942 |
_cTH _2ddc |
||